[Event "BL 1516 Hamburger SK - SG Solingen"]
[Site "?"]
[Date "2016.02.07"]
[Round "6.5"]
[White "Smeets, Jan"]
[Black "Kollars, Dmitrij"]
[Result "1/2-1/2"]
[WhiteElo "2602"]
[BlackElo "2429"]
[PlyCount "67"]
[EventDate "2016.??.??"]

1. e4 e5 2. Nf3 Nc6 3. Bb5 a6 4. Ba4 Nf6 5. O-O Bc5 6. c3 b5 7. Bc2 d5 8. d4
dxe4 9. Nxe5 Nxe5 10. dxc5 O-O 11. Qxd8 Rxd8 12. a4 bxa4 13. Bf4 Nd3 14. Bxc7
Rd5 15. Bxa4 Rxc5 16. Bd6 Rg5 17. Bc6 Ra7 18. Nd2 h5 19. b4 Bd7 20. Bxd7 Rxd7
21. Rxa6 Rd5 22. Nc4 e3 23. fxe3 Ne4 24. Bg3 Nxc3 25. Ra8+ Kh7 26. h3 Ne2+ 27.
Kh2 Nxg3 28. Kxg3 Rg5+ 29. Kf3 Nxb4 30. Ra5 Rxa5 31. Nxa5 Rd5 32. Nb3 Rf5+ 33.
Ke2 Rxf1 34. Kxf1 1/2-1/2

[Event "BL 1516 Hamburger SK - SG Solingen"]
[Site "?"]
[Date "2016.02.07"]
[Round "6.6"]
[White "Carlstedt, Jonathan"]
[Black "Sandipan, Chanda"]
[Result "1-0"]
[WhiteElo "2453"]
[BlackElo "2583"]
[PlyCount "81"]
[EventDate "2016.??.??"]

1. c4 c6 2. g3 d5 3. Nf3 Nf6 4. Bg2 dxc4 5. O-O b5 6. a4 Bb7 7. b3 b4 8. Ne5
cxb3 9. Qxb3 e6 10. Bb2 Be7 11. a5 Nd5 12. Rc1 O-O 13. d4 Qe8 14. Nd2 Na6 15.
Ne4 f5 16. Nd2 c5 17. e4 fxe4 18. Nxe4 Rc8 19. Qd1 Kh8 20. Qg4 Rf5 21. dxc5 Nc3
22. c6 h5 23. cxb7 hxg4 24. bxc8=Q Qxc8 25. Bxc3 Qe8 26. Bd4 b3 27. Rab1 Qa4
28. Ng6+ Kh7 29. Nxe7 Qxd4 30. Nxf5 exf5 31. Ng5+ Kh6 32. Ne6 Qa4 33. Bd5 Qxa5
34. Bxb3 Nb4 35. Bc4 Qb6 36. Nf4 Qd6 37. Re1 Qc5 38. Rbc1 Qd4 39. Bg8 g6 40.
Re6 Kg7 41. Rc7+ 1-0

[Event "BL 1516 Hamburger SK - SG Solingen"]
[Site "?"]
[Date "2016.02.07"]
[Round "6.7"]
[White "Nikolic, Predrag"]
[Black "Heinemann, Thies"]
[Result "1-0"]
[WhiteElo "2618"]
[BlackElo "2458"]
[PlyCount "65"]
[EventDate "2016.??.??"]

1. d4 Nf6 2. Nf3 e6 3. g3 b5 4. Bg2 Bb7 5. O-O c5 6. c3 Nc6 7. Bg5 d5 8. Nbd2
Be7 9. Bxf6 gxf6 10. dxc5 Bxc5 11. e4 Ne7 12. Qe2 a6 13. a4 bxa4 14. exd5 Nxd5
15. Rxa4 O-O 16. Nb3 Be7 17. Na5 Bc8 18. Nd4 Qd7 19. Ndc6 Bd8 20. Rh4 f5 21.
Nxd8 Rxd8 22. c4 Qc7 23. Qh5 Qxa5 24. Qxh7+ Kf8 25. Qh6+ Ke8 26. cxd5 Rb8 27.
Qf6 exd5 28. Rh8+ Kd7 29. Qxf7+ Kc6 30. Rc1+ Kb5 31. Qe7 Rxh8 32. Bf1+ Ka4 33.
Qa3# 1-0

[Event "BL 1516 Hamburger SK - SG Solingen"]
[Site "?"]
[Date "2016.02.07"]
[Round "6.8"]
[White "Sebastian, Dirk"]
[Black "Appel, Ralf"]
[Result "1-0"]
[WhiteElo "2450"]
[BlackElo "2513"]
[PlyCount "95"]
[EventDate "2016.??.??"]

1. e4 Nf6 2. e5 Nd5 3. Nc3 Nxc3 4. dxc3 d6 5. Bf4 Nc6 6. Nf3 dxe5 7. Qxd8+ Nxd8
8. Bxe5 c6 9. O-O-O f6 10. Bg3 Be6 11. Bd3 g6 12. Rhe1 Bf7 13. Nd4 a6 14. Nb3
a5 15. Kb1 Bd5 16. Bf1 a4 17. Nd2 g5 18. Nc4 Bxc4 19. Bxc4 b5 20. Be2 e5 21. h4
h6 22. Bh5+ Ke7 23. Bg4 Ra7 24. f3 Nf7 25. Bf2 Rb7 26. Re2 f5 27. Bxf5 Bg7 28.
Red2 Kf6 29. Be4 Rc8 30. h5 Bf8 31. g3 Ke6 32. Bg6 Kf6 33. Be3 c5 34. f4 exf4
35. gxf4 g4 36. Bf2 Rcc7 37. Be4 Rb6 38. Bh4+ Kg7 39. Rg2 Be7 40. Rxg4+ Kf8 41.
Bf2 Re6 42. Bf3 Rf6 43. Rdg1 Ke8 44. Rg8+ Kd7 45. Bg3 Nd6 46. Rd1 c4 47. Rg6
Rc5 48. f5 1-0

[Event "BL 1516 SK Norderstedt - SG Turm Trier"]
[Site "?"]
[Date "2016.02.07"]
[Round "6.1"]
[White "Erdos, Viktor"]
[Black "Trent, Lawrence"]
[Result "1/2-1/2"]
[WhiteElo "2613"]
[BlackElo "2455"]
[PlyCount "129"]
[EventDate "2016.??.??"]

1. Nf3 d5 2. g3 Nf6 3. Bg2 e6 4. O-O Be7 5. c4 O-O 6. d4 dxc4 7. Qc2 a6 8. a4
Bd7 9. Qxc4 Bc6 10. Bg5 a5 11. Nc3 Ra6 12. e3 Rb6 13. Qe2 Bxf3 14. Bxf3 c6 15.
Bxf6 Bxf6 16. Ne4 Be7 17. Rab1 Nd7 18. Rfd1 Rb4 19. Qc2 Qb8 20. Bg2 Nb6 21. b3
e5 22. dxe5 Qxe5 23. Nd2 Bf6 24. Rdc1 Re8 25. Nf3 Qe7 26. Ne1 Nd7 27. Nd3 Rb6
28. Kh1 Qa3 29. Bh3 Nf8 30. Nc5 Be7 31. Ne4 Ra6 32. Nd2 Qb4 33. Nc4 Raa8 34.
Ne5 Rad8 35. Rd1 Rxd1+ 36. Rxd1 Rd8 37. Rxd8 Bxd8 38. Qc4 Qxc4 39. bxc4 Bc7 40.
Nd3 Ng6 41. f4 Bb6 42. c5 Ba7 43. Kg2 Ne7 44. e4 b5 45. cxb6 Bxb6 46. Ne5 Bd4
47. Nc4 Bc3 48. Bd7 h5 49. Kf3 f6 50. Ke3 g6 51. Nd6 Bb4 52. Nb7 g5 53. Nd8
Bc5+ 54. Kf3 Bb6 55. Nb7 Kf8 56. h3 Kg7 57. Be8 gxf4 58. gxf4 Kh6 59. Bf7 Nc8
60. Be8 Ne7 61. Kg3 Bc7 62. Nc5 Bb6 63. Nd7 Bd4 64. Nb8 c5 65. Nc6 1/2-1/2

[Event "BL 1516 SK Norderstedt - SG Turm Trier"]
[Site "?"]
[Date "2016.02.07"]
[Round "6.2"]
[White "Bekker-Jensen, Simon"]
[Black "Lupulescu, Constantin"]
[Result "0-1"]
[WhiteElo "2455"]
[BlackElo "2623"]
[PlyCount "80"]
[EventDate "2016.??.??"]

1. d4 Nf6 2. c4 e6 3. Nc3 Bb4 4. Nf3 O-O 5. Bg5 c5 6. e3 cxd4 7. exd4 h6 8. Bh4
Qa5 9. Qc2 Ne4 10. Rc1 d5 11. Bd3 Qxa2 12. Bxe4 dxe4 13. Nd2 Qa5 14. Qxe4 f5
15. Qd3 e5 16. O-O g5 17. Bg3 e4 18. Qe2 f4 19. Ndxe4 Bxc3 20. bxc3 Qc7 21. h4
fxg3 22. fxg3 Bf5 23. hxg5 Nd7 24. gxh6 Kh8 25. Ng5 Qd6 26. g4 Bg6 27. Ne6 Rfe8
28. d5 Rac8 29. Rce1 b6 30. Kh1 a5 31. Qe3 Rxc4 32. Qg5 Rg8 33. Ng7 Qg3 34. Re3
Qxg4 35. Qxg4 Rxg4 36. Re7 Nc5 37. Rf6 a4 38. Ra7 Rh4+ 39. Kg1 Rxh6 40. Nf5 Rh7
0-1

[Event "BL 1516 SK Norderstedt - SG Turm Trier"]
[Site "?"]
[Date "2016.02.07"]
[Round "6.3"]
[White "Parligras, Mircea-Emilian"]
[Black "Krause, Benedict"]
[Result "1-0"]
[WhiteElo "2591"]
[BlackElo "2310"]
[PlyCount "63"]
[EventDate "2016.??.??"]

1. d4 Nf6 2. c4 g6 3. Nc3 d5 4. cxd5 Nxd5 5. e4 Nxc3 6. bxc3 Bg7 7. Nf3 c5 8.
Be3 Bg4 9. Rc1 cxd4 10. cxd4 O-O 11. Be2 Qa5+ 12. Qd2 Qxd2+ 13. Nxd2 Bxe2 14.
Kxe2 Na6 15. Rc4 Rfd8 16. Nb3 e6 17. Na5 Rd7 18. Rb1 b6 19. Nc6 f5 20. f3 Kf7
21. Bf4 Bf6 22. g4 g5 23. Ne5+ Bxe5 24. Bxe5 Kg6 25. exf5+ exf5 26. Rc6+ Kf7
27. gxf5 Re8 28. Rg1 Nb4 29. Rh6 Kf8 30. Rxg5 Nc2 31. Rf6+ Rf7 32. Rxf7+ 1-0

[Event "BL 1516 SK Norderstedt - SG Turm Trier"]
[Site "?"]
[Date "2016.02.07"]
[Round "6.4"]
[White "Polischuk, Viktor"]
[Black "Graf, Felix"]
[Result "0-1"]
[WhiteElo "2317"]
[BlackElo "2479"]
[PlyCount "102"]
[EventDate "2016.??.??"]

1. e4 e6 2. d4 d5 3. Nc3 Nf6 4. Bg5 Bb4 5. e5 h6 6. Bd2 Bxc3 7. bxc3 Ne4 8. Qg4
Kf8 9. Qf4 c5 10. Bd3 Nxd2 11. Qxd2 Nc6 12. Nf3 c4 13. Be2 Bd7 14. h4 Ke7 15.
h5 Qf8 16. Nh4 Kd8 17. a3 Kc7 18. f4 Ne7 19. Qe3 Nf5 20. Qh3 g5 21. Nxf5 exf5
22. fxg5 hxg5 23. g4 f4 24. Bf3 Bc6 25. Qg2 Rd8 26. O-O Rh6 27. Rfe1 Re6 28.
Re2 Rd7 29. Kh1 Kc8 30. Kg1 Qe7 31. Qh2 Qf8 32. Qg2 Kd8 33. Qf2 Qh8 34. Rae1
Ke8 35. Ra1 Kf8 36. Ree1 Kg7 37. Qd2 Rde7 38. Kf1 Kh6 39. Kf2 Qe8 40. Kf1 Qd8
41. Kf2 Qa5 42. Kg2 Re8 43. Kf2 Bd7 44. Kg2 R8e7 45. Kf2 Rb6 46. Kg2 Be6 47.
Kf1 Rb2 48. Re2 Rc7 49. Kg2 Rc6 50. Ree1 Rcb6 51. Kh3 R6b3 0-1

[Event "BL 1516 SK Norderstedt - SG Turm Trier"]
[Site "?"]
[Date "2016.02.07"]
[Round "6.5"]
[White "Jaracz, Pawel"]
[Black "Jochens, Arne"]
[Result "1-0"]
[WhiteElo "2489"]
[BlackElo "2265"]
[PlyCount "95"]
[EventDate "2016.??.??"]

1. Nf3 e6 2. c4 f5 3. g3 Nf6 4. Bg2 d5 5. O-O Bd6 6. d3 O-O 7. Nc3 Nc6 8. cxd5
exd5 9. Qb3 Na5 10. Qc2 Nc6 11. Bg5 Be6 12. e4 d4 13. exf5 Bxf5 14. Nb5 h6 15.
Nfxd4 Nxd4 16. Nxd4 Bd7 17. Bd2 Rb8 18. Nb5 Bxb5 19. Qb3+ Kh8 20. Qxb5 c6 21.
Qc4 Be5 22. Rab1 Bd4 23. Bc3 Bb6 24. Be5 Ra8 25. d4 Ng4 26. Qe2 Nxe5 27. dxe5
Qd4 28. Rbd1 Qc5 29. Bh3 Rad8 30. Rxd8 Bxd8 31. b3 Be7 32. Rd1 Rd8 33. Rxd8+
Bxd8 34. Qh5 Qf8 35. Bf5 Bb6 36. Qg6 Qg8 37. Kg2 Bc5 38. Be4 Be7 39. f4 a5 40.
a4 Bb4 41. f5 Qh7 42. Qh5 Ba3 43. e6 g6 44. fxg6 Qg7 45. Qxa5 Qb2+ 46. Kh3 Qxb3
47. Qe5+ Kg8 48. Qf6 1-0

[Event "BL 1516 SK Norderstedt - SG Turm Trier"]
[Site "?"]
[Date "2016.02.07"]
[Round "6.6"]
[White "Michna, Christian"]
[Black "Bobras, Piotr"]
[Result "0-1"]
[WhiteElo "2277"]
[BlackElo "2522"]
[PlyCount "60"]
[EventDate "2016.??.??"]

1. d4 Nf6 2. Nc3 d5 3. Bg5 Nbd7 4. Qd3 c5 5. O-O-O e6 6. e4 cxd4 7. Qxd4 Bc5 8.
Qd3 d4 9. Na4 b6 10. Nf3 e5 11. c3 Qc7 12. cxd4 Bxd4+ 13. Kb1 Bxf2 14. Bxf6
Nxf6 15. Qa3 a6 16. Nc3 Bc5 17. Bb5+ Ke7 18. b4 Bb7 19. Ba4 Bd6 20. Rxd6 Qxd6
21. Rd1 Qc7 22. b5+ Qc5 23. Qb2 Rhd8 24. bxa6 Rxd1+ 25. Bxd1 Bxa6 26. Nxe5 Rd8
27. Nf3 Bd3+ 28. Ka1 Rc8 29. e5 Qxc3 30. exf6+ Kxf6 0-1

[Event "BL 1516 SK Norderstedt - SG Turm Trier"]
[Site "?"]
[Date "2016.02.07"]
[Round "6.7"]
[White "Galyas, Miklos"]
[Black "Meyer, Falko"]
[Result "1-0"]
[WhiteElo "2459"]
[BlackElo "2227"]
[PlyCount "96"]
[EventDate "2016.??.??"]

1. Nf3 d5 2. g3 c6 3. Bg2 Nf6 4. O-O g6 5. b3 Bg7 6. Bb2 O-O 7. c4 Nbd7 8. d3
Re8 9. Nbd2 a5 10. Qc2 e5 11. e4 dxe4 12. dxe4 Bf8 13. Bc3 Bd6 14. Rad1 Qe7 15.
c5 Bxc5 16. Nc4 Bb4 17. Bb2 Ng4 18. h3 b5 19. Rxd7 Bxd7 20. Nb6 Nf6 21. Nxa8
Rxa8 22. Nxe5 Rc8 23. Ba1 Bd6 24. Nd3 Ne8 25. Qc3 f6 26. Qxa5 c5 27. e5 fxe5
28. Nxe5 Bxe5 29. Re1 Qd8 30. Qxd8 Rxd8 31. Rxe5 Bf5 32. Rd5 Rc8 33. Bc3 Kf7
34. b4 cxb4 35. Bxb4 Rc1+ 36. Kh2 Be6 37. Rd2 Nf6 38. g4 h5 39. gxh5 Nxh5 40.
Bd6 Nf6 41. a3 Rb1 42. Bb4 Bc4 43. Rd6 Rc1 44. Bc5 Re1 45. Be3 Be6 46. Rb6 Bc4
47. Bc6 Ra1 48. Bd4 Nh5 1-0

[Event "BL 1516 SK Norderstedt - SG Turm Trier"]
[Site "?"]
[Date "2016.02.07"]
[Round "6.8"]
[White "Kues, Hendrik"]
[Black "Kolbus, Dietmar"]
[Result "1/2-1/2"]
[WhiteElo "2119"]
[BlackElo "2304"]
[PlyCount "152"]
[EventDate "2016.??.??"]

1. d4 Nf6 2. Nf3 g6 3. Bf4 Bg7 4. e3 d6 5. h3 Nbd7 6. Be2 O-O 7. O-O e6 8. c4
b6 9. Nc3 Bb7 10. Rc1 Ne4 11. Nxe4 Bxe4 12. Nd2 Bb7 13. Bf3 Bxf3 14. Nxf3 Re8
15. Bg5 Qc8 16. Qc2 c6 17. Rfd1 Qb7 18. Bh4 Rac8 19. Bg3 Bf8 20. Qb1 b5 21. Nd2
d5 22. cxd5 cxd5 23. Nb3 Be7 24. Rd2 Rxc1+ 25. Qxc1 Rc8 26. Rc2 Rxc2 27. Qxc2
Bd8 28. Nc1 Kf8 29. Nd3 Ke8 30. b3 Be7 31. Ne5 Nxe5 32. Bxe5 Kd7 33. Bg3 Qc6
34. Qe2 a6 35. Qf3 Ke8 36. Qf4 Kf8 37. Qb8+ Kg7 38. Qe5+ f6 39. Qc7 Qxc7 40.
Bxc7 Kf7 41. Kf1 Ke8 42. Ke2 Kd7 43. Bg3 Kc6 44. f3 Kb6 45. Be1 Bd6 46. Kd3 f5
47. f4 Be7 48. Ke2 Kc6 49. Kf3 Kd7 50. h4 Ke8 51. g3 Kf7 52. Ba5 Kg7 53. Be1
Kh6 54. b4 Kh5 55. Bd2 h6 56. Be1 Bd8 57. a3 Bf6 58. Bf2 Be7 59. Be1 Bd8 60.
Bf2 a5 61. Be1 a4 62. Bf2 Be7 63. Be1 g5 64. hxg5 hxg5 65. Bd2 Bd8 66. Be1 Bf6
67. Bd2 gxf4 68. gxf4 Kh4 69. Ke2 Kg3 70. Be1+ Kg2 71. Bd2 Bh4 72. Bc1 Kg1 73.
Bd2 Bf2 74. Bc1 Kg2 75. Bd2 Bg3 76. Bc1 Bh4 1/2-1/2

[Event "BL 1516 OSG Baden Baden - USV TU Dresde"]
[Site "?"]
[Date "2016.02.07"]
[Round "6.1"]
[White "Almasi, Zoltan"]
[Black "Kasimdzhanov, Rustam"]
[Result "1/2-1/2"]
[WhiteElo "2684"]
[BlackElo "2704"]
[PlyCount "47"]
[EventDate "2016.??.??"]

1. e4 e5 2. Nf3 Nc6 3. Bb5 Nf6 4. O-O Nxe4 5. d4 Nd6 6. Bxc6 dxc6 7. dxe5 Nf5
8. Qxd8+ Kxd8 9. h3 Ke8 10. Nc3 b6 11. Rd1 Bb7 12. Bf4 Rc8 13. Nd4 Nxd4 14.
Rxd4 Rd8 15. Rad1 Be7 16. e6 fxe6 17. Bxc7 Rxd4 18. Rxd4 Bf6 19. Rd2 Ke7 20.
Ne4 Rc8 21. Bd6+ Ke8 22. Bg3 Rd8 23. Nxf6+ gxf6 24. Rxd8+ 1/2-1/2

[Event "BL 1516 OSG Baden Baden - USV TU Dresde"]
[Site "?"]
[Date "2016.02.07"]
[Round "6.2"]
[White "Bacrot, Etienne"]
[Black "Gajewski, Grzegorz"]
[Result "1/2-1/2"]
[WhiteElo "2697"]
[BlackElo "2635"]
[PlyCount "41"]
[EventDate "2016.??.??"]

1. e4 c5 2. Nf3 d6 3. d4 cxd4 4. Nxd4 Nf6 5. Nc3 a6 6. h3 e5 7. Nde2 h5 8. g3
Be6 9. Bg2 Be7 10. Be3 Nbd7 11. O-O Rc8 12. f4 b5 13. Nd5 Bxd5 14. exd5 Nb6 15.
Bf2 O-O 16. Qd2 Nc4 17. Qc1 Nb6 18. Qd2 Nc4 19. Qc1 Nb6 20. Qd2 Nc4 21. Qc1
1/2-1/2

[Event "BL 1516 OSG Baden Baden - USV TU Dresde"]
[Site "?"]
[Date "2016.02.07"]
[Round "6.3"]
[White "Bartel, Mateusz"]
[Black "Vallejo Pons, Francisco"]
[Result "1/2-1/2"]
[WhiteElo "2613"]
[BlackElo "2675"]
[PlyCount "42"]
[EventDate "2016.??.??"]

1. e4 e6 2. d4 d5 3. Nc3 Bb4 4. e5 c5 5. Bd2 Ne7 6. a3 Bxc3 7. Bxc3 b6 8. Bb5+
Bd7 9. Bd3 Nbc6 10. f4 c4 11. Be2 Nf5 12. g3 b5 13. b4 a5 14. bxa5 Rxa5 15. Qd2
Ra4 16. Nf3 O-O 17. O-O Qb6 18. g4 Nfe7 19. Bb2 f5 20. exf6 Rxf6 21. Ne5 Be8
1/2-1/2

[Event "BL 1516 OSG Baden Baden - USV TU Dresde"]
[Site "?"]
[Date "2016.02.07"]
[Round "6.4"]
[White "Naiditsch, Arkadij"]
[Black "Socko, Bartosz"]
[Result "1/2-1/2"]
[WhiteElo "2702"]
[BlackElo "2577"]
[PlyCount "57"]
[EventDate "2016.??.??"]

1. e4 e5 2. Nf3 Nc6 3. Bb5 a6 4. Ba4 Nf6 5. O-O Be7 6. d3 d6 7. c3 b5 8. Bc2
O-O 9. Nbd2 d5 10. Re1 d4 11. a4 Bb7 12. cxd4 exd4 13. Nb3 Re8 14. Bd2 Bf8 15.
Na5 Nxa5 16. Bxa5 Qd7 17. b4 Rac8 18. axb5 axb5 19. Bb3 h6 20. Qd2 c5 21. bxc5
Bxc5 22. Rec1 Qe7 23. h3 Nd7 24. Qf4 Bd6 25. Qg4 Nc5 26. Bc2 Ne6 27. Bb3 Nc5
28. Bc2 Ne6 29. Bb3 1/2-1/2

[Event "BL 1516 OSG Baden Baden - USV TU Dresde"]
[Site "?"]
[Date "2016.02.07"]
[Round "6.5"]
[White "Dziuba, Marcin"]
[Black "Movsesian, Sergei"]
[Result "1/2-1/2"]
[WhiteElo "2575"]
[BlackElo "2653"]
[PlyCount "42"]
[EventDate "2016.??.??"]

1. d4 Nf6 2. c4 e6 3. g3 d5 4. Nf3 Be7 5. Bg2 O-O 6. O-O dxc4 7. Qa4 a6 8. Qxc4
b5 9. Qc2 Bb7 10. Bd2 Bd6 11. Re1 Be4 12. Qc1 Bb7 13. Qc2 Be4 14. Qc1 Bb7 15.
Bg5 Nbd7 16. e4 Bb4 17. Nbd2 h6 18. Bxf6 Nxf6 19. e5 Nd7 20. a3 Be7 21. Nb3 Bd5
1/2-1/2

[Event "BL 1516 OSG Baden Baden - USV TU Dresde"]
[Site "?"]
[Date "2016.02.07"]
[Round "6.6"]
[White "Nielsen, Peter Heine"]
[Black "Maiwald, Jens-Uwe"]
[Result "1/2-1/2"]
[WhiteElo "2649"]
[BlackElo "2443"]
[PlyCount "109"]
[EventDate "2016.??.??"]

1. d4 Nf6 2. c4 d6 3. Nf3 g6 4. g3 Bg7 5. Bg2 O-O 6. O-O c6 7. Nc3 Qa5 8. e4 e5
9. h3 Nbd7 10. Be3 Nb6 11. Nd2 exd4 12. Bxd4 Be6 13. Qe2 Nfd7 14. Bxg7 Kxg7 15.
Rac1 Rae8 16. Rfe1 Qc5 17. Nd5 cxd5 18. cxd5 Qb4 19. dxe6 Rxe6 20. Nc4 d5 21.
Qd2 Qxd2 22. Nxd2 dxe4 23. Rxe4 Rd6 24. Re2 Rb8 25. Rc7 Nd5 26. Nc4 Nxc7 27.
Nxd6 Ne6 28. Nxb7 Kf6 29. Na5 Rb4 30. Nc6 Rc4 31. Rd2 Ne5 32. Nxe5 Kxe5 33. Rd7
Rc1+ 34. Kh2 Rc7 35. Rd5+ Kf6 36. Rd2 Rc1 37. Bd5 a5 38. Kg2 g5 39. Bb3 Rb1 40.
Kf3 h5 41. Bd1 Ke5 42. Ke3 h4 43. Bf3 Re1+ 44. Kd3 Nd4 45. Bb7 hxg3 46. fxg3 f5
47. h4 gxh4 48. gxh4 f4 49. h5 f3 50. h6 Rh1 51. Ke3 Rh3 52. h7 Nf5+ 53. Kf2
Nd4 54. Ke3 Nf5+ 55. Kf2 1/2-1/2

[Event "BL 1516 OSG Baden Baden - USV TU Dresde"]
[Site "?"]
[Date "2016.02.07"]
[Round "6.7"]
[White "Loxine, Jakov"]
[Black "Meier, Georg"]
[Result "0-1"]
[WhiteElo "2407"]
[BlackElo "2660"]
[PlyCount "56"]
[EventDate "2016.??.??"]

1. e4 e6 2. d4 d5 3. e5 c5 4. c3 Nc6 5. Nf3 Qb6 6. a3 Nh6 7. b4 cxd4 8. cxd4
Nf5 9. Bb2 Bd7 10. g4 Nfe7 11. Nc3 Ng6 12. Na4 Qd8 13. Rc1 a6 14. Nc5 Bxc5 15.
Rxc5 h5 16. g5 Nce7 17. Qd2 O-O 18. Bd3 Bb5 19. Bxb5 axb5 20. O-O Nc8 21. Qc1
Qe8 22. Rc7 Nb6 23. Rxb7 Rc8 24. Rc7 Rxc7 25. Qxc7 Nc4 26. Bc1 Qa8 27. Kg2 Rc8
28. Qd7 Rc6 0-1

[Event "BL 1516 OSG Baden Baden - USV TU Dresde"]
[Site "?"]
[Date "2016.02.07"]
[Round "6.8"]
[White "Schlosser, Philipp"]
[Black "Neef, Maximilian"]
[Result "1/2-1/2"]
[WhiteElo "2574"]
[BlackElo "2430"]
[PlyCount "71"]
[EventDate "2016.??.??"]

1. d4 Nf6 2. c4 g6 3. Nc3 Bg7 4. e4 d6 5. Nf3 O-O 6. Be2 e5 7. d5 a5 8. h3 Na6
9. Bg5 Nc5 10. Nd2 Bd7 11. O-O h6 12. Be3 Nh7 13. Qc2 Qh4 14. Nf3 Qe7 15. Nh2
f5 16. exf5 gxf5 17. f4 Nf6 18. Rfe1 Nfe4 19. Nxe4 Nxe4 20. Bf3 exf4 21. Bxf4
Qh4 22. Be3 Rae8 23. Rad1 f4 24. Bxe4 fxe3 25. Rxe3 Bf5 26. Ng4 Bxg4 27. hxg4
Qxg4 28. Bf5 Qf4 29. Be6+ Rxe6 30. Rxe6 Bd4+ 31. Rxd4 Qxd4+ 32. Kh2 Qh4+ 33.
Kg1 Qd4+ 34. Kh2 Qh4+ 35. Kg1 Qd4+ 36. Kh2 1/2-1/2

[Event "BL 1516 Bayern München - Schachfr. Ber"]
[Site "?"]
[Date "2016.02.07"]
[Round "6.1"]
[White "Melkumyan, Hrant"]
[Black "Bezold, Michael"]
[Result "1-0"]
[WhiteElo "2649"]
[BlackElo "2507"]
[PlyCount "113"]
[EventDate "2016.??.??"]

1. c4 c5 2. Nf3 Nf6 3. Nc3 e6 4. g3 Be7 5. Bg2 a6 6. O-O O-O 7. d4 cxd4 8. Nxd4
Qc7 9. Qd3 Nc6 10. b3 Ne5 11. Qd2 d6 12. Bb2 Bd7 13. Rac1 Rfe8 14. Rfd1 Rad8
15. e3 Qb8 16. Qe2 Rc8 17. h3 Bf8 18. Rd2 h6 19. Rcd1 Rcd8 20. Kh2 Qc7 21. Rc1
Qb8 22. a4 Qc7 23. Ba3 Qb6 24. Qd1 Bc8 25. Nde2 Be7 26. Nf4 Rd7 27. Nce2 Rdd8
28. Nd4 Ned7 29. Ndxe6 fxe6 30. Nxe6 Nc5 31. Nxd8 Rxd8 32. b4 Nce4 33. c5 dxc5
34. Rxd8+ Qxd8 35. Qxd8+ Bxd8 36. bxc5 Bc7 37. c6 b6 38. Kg1 Kf7 39. Rc4 Nd2
40. Rd4 Nb3 41. Rd1 a5 42. f4 g5 43. Bb2 Ke7 44. fxg5 hxg5 45. Rf1 Ng8 46. Bd5
Be6 47. Bxe6 Kxe6 48. h4 Bd6 49. h5 Nd2 50. h6 Nxh6 51. Rf6+ Kd5 52. Rxh6 Bxg3
53. Bf6 Bc7 54. Bxg5 Nf3+ 55. Kg2 Ne1+ 56. Kf1 Nd3 57. e4+ 1-0

[Event "BL 1516 Bayern München - Schachfr. Ber"]
[Site "?"]
[Date "2016.02.07"]
[Round "6.2"]
[White "Gabriel, Christian"]
[Black "Kraemer, Martin"]
[Result "1/2-1/2"]
[WhiteElo "2496"]
[BlackElo "2560"]
[PlyCount "96"]
[EventDate "2016.??.??"]

1. Nf3 d5 2. d4 Nf6 3. c4 e6 4. Nc3 dxc4 5. e3 a6 6. a4 c5 7. Bxc4 Nc6 8. O-O
Be7 9. dxc5 Bxc5 10. Qxd8+ Kxd8 11. e4 Ng4 12. Bf4 f6 13. Be2 Ke7 14. Nd2 Nge5
15. Nb3 Ba7 16. a5 Bd7 17. Na4 Nd4 18. Nxd4 Bxd4 19. Rfd1 Ba7 20. Nb6 Bxb6 21.
axb6 Rhc8 22. Rd2 g5 23. Bxe5 fxe5 24. h4 gxh4 25. Ra5 Be8 26. Rxe5 Rc6 27. Rg5
Bg6 28. Bh5 Rg8 29. Bxg6 hxg6 30. Rg4 g5 31. f4 Rxb6 32. fxg5 Rb5 33. g6 Rh5
34. Rf2 Rg7 35. Rgf4 Rxg6 36. Rf7+ Kd6 37. Rxb7 Rb5 38. Ra7 h3 39. Rxa6+ Ke5
40. Ra4 Rxg2+ 41. Rxg2 hxg2 42. Kxg2 Rxb2+ 43. Kf3 Rb3+ 44. Ke2 Kf4 45. Kd2 Rh3
46. Rb4 e5 47. Ra4 Rh2+ 48. Kd3 Rh3+ 1/2-1/2

[Event "BL 1516 Bayern München - Schachfr. Ber"]
[Site "?"]
[Date "2016.02.07"]
[Round "6.3"]
[White "Schneider, Ilja"]
[Black "Bischoff, Klaus"]
[Result "1-0"]
[WhiteElo "2489"]
[BlackElo "2513"]
[PlyCount "67"]
[EventDate "2016.??.??"]

1. d4 e6 2. g3 c5 3. Nf3 cxd4 4. Nxd4 a6 5. Bg2 Qc7 6. O-O Nf6 7. Nb3 Be7 8.
Bf4 d6 9. c4 Nbd7 10. Na3 e5 11. Bd2 Rb8 12. Rc1 b6 13. Nc2 Bb7 14. Bxb7 Qxb7
15. Bb4 Qc6 16. Ne3 g6 17. Qd2 a5 18. Ba3 O-O 19. Rfd1 Rfc8 20. Qe1 Nc5 21.
Nxc5 dxc5 22. b3 Rd8 23. Bb2 Qe6 24. Rxd8+ Rxd8 25. Qc3 Bd6 26. Rd1 Re8 27. Nd5
Nxd5 28. Rxd5 Bc7 29. a3 f6 30. Qd2 Re7 31. e4 Qg4 32. Qd3 f5 33. Rd7 Kf8 34.
Rxc7 1-0

[Event "BL 1516 Bayern München - Schachfr. Ber"]
[Site "?"]
[Date "2016.02.07"]
[Round "6.4"]
[White "Schenk, Andreas"]
[Black "Piorun, Kacper"]
[Result "0-1"]
[WhiteElo "2478"]
[BlackElo "2651"]
[PlyCount "86"]
[EventDate "2016.??.??"]

1. d4 Nf6 2. c4 e6 3. Nf3 d5 4. Nc3 Bb4 5. cxd5 exd5 6. Bg5 h6 7. Bxf6 Qxf6 8.
Qa4+ Nc6 9. e3 O-O 10. Be2 Be6 11. O-O a6 12. Rfc1 Bd6 13. Qd1 Ne7 14. a3 c6
15. Na4 Rae8 16. b4 g5 17. Nc5 Bc8 18. Nd3 g4 19. Nd2 h5 20. a4 Qg5 21. b5 h4
22. bxa6 bxa6 23. e4 f6 24. exd5 cxd5 25. Nf1 f5 26. Rab1 Qf6 27. Ne5 Bxe5 28.
dxe5 Qxe5 29. Rb6 Rf6 30. a5 h3 31. f4 Qe4 32. gxh3 Rxb6 33. axb6 Ng6 34. Qd3
Qxd3 35. Bxd3 Nxf4 36. Rc3 d4 37. Bc4+ Kf8 38. Ra3 Nxh3+ 39. Kg2 f4 40. Bxa6
Bxa6 41. Rxa6 Re2+ 42. Kh1 Rb2 43. Ra8+ Ke7 0-1

[Event "BL 1516 Bayern München - Schachfr. Ber"]
[Site "?"]
[Date "2016.02.07"]
[Round "6.5"]
[White "Dvirnyy, Daniyyl"]
[Black "Dragnev, Valentin"]
[Result "1/2-1/2"]
[WhiteElo "2571"]
[BlackElo "2421"]
[PlyCount "184"]
[EventDate "2016.??.??"]

1. d4 Nf6 2. c4 g6 3. g3 c6 4. Bg2 d5 5. e3 dxc4 6. Nd2 Be6 7. Ne2 Bh6 8. O-O
O-O 9. Qc2 b5 10. a4 Nd5 11. b3 cxb3 12. Nxb3 Na6 13. Bd2 Ndb4 14. Qc3 Bc4 15.
Rfe1 Rb8 16. Nec1 Bg7 17. axb5 cxb5 18. Nc5 Nd5 19. Bxd5 Nxc5 20. Bxc4 Ne4 21.
Qc2 Nxd2 22. Be2 Nc4 23. Bxc4 bxc4 24. Qxc4 e5 25. dxe5 Qe7 26. Nd3 Bxe5 27.
Nxe5 Qxe5 28. Rxa7 Rbd8 29. Ra4 Rd2 30. Qf4 Qxf4 31. Rxf4 h5 32. Ra1 Rfd8 33.
Ra7 R2d7 34. Raa4 Rb7 35. Kg2 Kg7 36. Ra6 Rdd7 37. Rd4 Rdc7 38. e4 Rc2 39. Rd3
Re2 40. Ra4 Rc7 41. Rad4 Rb7 42. Rd2 Rb2 43. Rxb2 Rxb2 44. Rd6 Ra2 45. Kf3 Ra3+
46. Ke2 Ra2+ 47. Ke3 Ra3+ 48. Rd3 Ra2 49. e5 Ra5 50. f4 Ra2 51. Rd2 Ra4 52. Rd7
Kf8 53. h3 Ra3+ 54. Rd3 Ra4 55. Kf3 Ke7 56. Rb3 Ra1 57. g4 hxg4+ 58. hxg4 Rf1+
59. Kg3 Kf8 60. Rb6 Kg7 61. Rf6 Re1 62. Kh4 Rh1+ 63. Kg5 Re1 64. Ra6 Re2 65.
Ra5 Re1 66. Ra7 Re3 67. Re7 Re4 68. Ra7 Re3 69. Ra5 Re4 70. Rb5 Re3 71. Kh4 Rf3
72. Rb4 Kh6 73. g5+ Kg7 74. Kg4 Re3 75. Rb1 Re4 76. Kf3 Ra4 77. Rd1 Kf8 78. Rd6
Ra3+ 79. Ke4 Ra4+ 80. Rd4 Ra5 81. f5 gxf5+ 82. Kxf5 Ra1 83. e6 Rf1+ 84. Kg4
fxe6 85. Kh5 Kg7 86. Rd7+ Rf7 87. Rxf7+ Kxf7 88. Kh6 Kg8 89. Kg6 e5 90. Kf5 Kg7
91. g6 e4 92. Kxe4 Kxg6 1/2-1/2

[Event "BL 1516 Bayern München - Schachfr. Ber"]
[Site "?"]
[Date "2016.02.07"]
[Round "6.6"]
[White "Belezky, Alexander"]
[Black "Sprenger, Jan Michael"]
[Result "1/2-1/2"]
[WhiteElo "2452"]
[BlackElo "2495"]
[PlyCount "31"]
[EventDate "2016.??.??"]

1. Nf3 d5 2. g3 g6 3. Bg2 Bg7 4. d3 e5 5. O-O Nc6 6. Nbd2 Nge7 7. e4 O-O 8. Re1
a5 9. a4 h6 10. exd5 Nxd5 11. c3 Re8 12. Nc4 Bf5 13. Nh4 Be6 14. Nf3 Bf5 15.
Nh4 Be6 16. Nf3 1/2-1/2